00418nam a2200157Ia 4500003000900000008004100009040001600050080001600066100001400082245006000096260003300156300001000189650002400199650001900223650001800242IN-BaIIA211028s9999 xx 000 0 eng d cIIA Library a083:51bFLU aFlugge, W 0aFour-place tables of transcedental functionscW. Flugge aLondonbPergamon Pressc1954 a136p. aMathematical tables aNASA Thesaurus aTables (Data)